000 00743nam a22001817a 4500
005 20241128114843.0
010 _aHIN-128859
020 _c50.00
035 _aHN-101205
037 _bDBAD
082 _a230.2
100 _aसरस्वती, अखंडानंद
_974207
245 _aयुगल-गीत/
_cअखंडानंद सरस्वती
260 _aवृंदावन
_bस्वमीश्री अखंडानंद पुस्तकालय
_c2010
270 _aआनन्द कुटीर, मोतीझील
_bवृंदावन
_e281121
_k09837219460
300 _a312 पृ.
_c21 सेमी (अजिल्द)
942 _2ddc
_cHN
_h230.2
_mसरस्व
999 _c207119
_d207119